UM Logo

The role of sensation seeking in political violence : (Record no. 20398)

MARC details
000 -LEADER
fixed length control field 01020nam a22002177a 4500
005 - DATE AND TIME OF LATEST TRANSACTION
control field 20260304083252.0
008 - FIXED-LENGTH DATA ELEMENTS--GENERAL INFORMATION
fixed length control field 240814b ||||| |||| 00| 0 eng d
082 ## - DEWEY DECIMAL CLASSIFICATION NUMBER
Classification number DPer 155.205 J826 April-June 2020 v. 118 n. 4-6
100 ## - MAIN ENTRY--PERSONAL NAME
Personal name Schumpe, Birga M.
Relator term author.
9 (RLIN) 57568
245 ## - TITLE STATEMENT
Title The role of sensation seeking in political violence :
Remainder of title an extension of the significance quest theory /
Statement of responsibility, etc. Birga M. Schumpe, Jocelyn J. Belanger, Manuel Moyano, and Claudia F. Nisa.
260 ## - PUBLICATION, DISTRIBUTION, ETC. (IMPRINT)
Place of publication, distribution, etc. Washington ;
Name of publisher, distributor, etc. American Psychological Association ,
Date of publication, distribution, etc. April 2020.
300 ## - PHYSICAL DESCRIPTION
Extent Volume 118, pages 743-761 :
Other physical details illustration ;
Dimensions 28 cm.
500 ## - GENERAL NOTE
General note Journal of Personality and Social Psychology, vol. 118, no. 4, pages 743-761, April 2020.
650 ## - SUBJECT ADDED ENTRY--TOPICAL TERM
Topical term or geographic name as entry element Political psychology.
9 (RLIN) 60062
650 ## - SUBJECT ADDED ENTRY--TOPICAL TERM
Topical term or geographic name as entry element Senses and sensation.
9 (RLIN) 60063
700 ## - ADDED ENTRY--PERSONAL NAME
Personal name Schumpe, Birga M.
Relator term author.
9 (RLIN) 57568
700 ## - ADDED ENTRY--PERSONAL NAME
Personal name Bélanger, Jocelyn J.
Relator term author.
9 (RLIN) 57569
700 ## - ADDED ENTRY--PERSONAL NAME
Personal name Moyano, Manuel.
Relator term author.
9 (RLIN) 57570
700 ## - ADDED ENTRY--PERSONAL NAME
Personal name Nisa, Claudia F.
Relator term author.
9 (RLIN) 57571
942 ## - ADDED ENTRY ELEMENTS (KOHA)
Source of classification or shelving scheme Dewey Decimal Classification
Koha item type Periodicals
Holdings
Withdrawn status Lost status Source of classification or shelving scheme Damaged status Not for loan Collection code Home library Current library Date acquired Total Checkouts Full call number Date last seen Price effective from Koha item type Public note
    Dewey Decimal Classification     Periodicals UM Digos College - LIC UM Digos College - LIC 08/14/2024   DPer 155.205 J826 April-June 2020 v. 118 n. 4-6 08/14/2024 08/14/2024 Periodicals Periodical Article